00578nam a22001817a 450000500170000001000120001702000270002903700280005608200110008410000200009524500940011525000060020926000410021527000800025630000180033670000220035470000200037620260301142602.0 aBACEN26 a9789353509064c1450.00 bCengage Learning India  29a515 aStewart, James  aCalculus: bEarly Transcendentals/cby James Stewart, Daniel K. Clegg [and] Saleem Watson a9 c2025aDelhibCengage Learning India  aT-303, 3rd Floor, DAV Complex, Plot No3, Mayur Vihar pHase 1bDelhie110091 avp.c25cm(pb) aClegg, Daniel K.  aWatson, Saleem